Normal view
MARC view
Entry Nombre personal
001 - NÚMERO DE CONTROL
- campo de control: 166736
003 - IDENTIFICADOR DE NÚMERO DE CONTROL
- campo de control: OSt
005 - FECHA Y HORA DE LA ÚLTIMA TRANSACCIÓN
- campo de control: 20231221172842.0
008 - ELEMENTOS DE DATO DE LONGITUD-FIJA
- campo de control de longitud fija: 190329 b azzaaaaaa a aaa d
040 ## - FUENTE DE CATALOGACIÓN
- Centro catalogador/agencia de origen: OSt
- Centro/agencia transcriptor: OSt
100 1# - ENCABEZAMIENTO-NOMBRE DE PERSONA
- Nombre de persona: Cermeño Peña, Roberto
373 ## - GRUPO ASOCIADO
- Grupo asociado: Ateneo de Madrid
- Período de inicio: 2018
- Fuente de información: Censo mensual de socios 2023
678 ## - DATOS BIOGRÁFICOS O HISTÓRICOS
- Datos biográficos o históricos: Socio del Ateneo de Madrid n. 32801; ingresó el 7/2/2018
- Ampliación de la nota: Fuente: Censo mensual de socios 2023
